The Indian evidence act (act 1 of 1872) : (Record no. 41883)

MARC details
000 -LEADER
fixed length control field 00754nam a22002177a 4500
005 - DATE AND TIME OF LATEST TRANSACTION
control field 20230614102753.0
010 ## - LCCN (DPL NO)
LC control number ENG-100256 ENG-137132
020 ## - INTERNATIONAL STANDARD BOOK NUMBER
Terms of availability 185.00
035 ## - SYSTEM CONTROL NUMBER
System control number EN-83788 EN-120664
037 ## - SOURCE OF ACQUISITION
Source of stock number/acquisition DBAD/PUB
082 ## - DEWEY DECIMAL CLASSIFICATION NUMBER
Classification number 347.4206
100 ## - MAIN ENTRY--PERSONAL NAME
Personal name Jhabvala, Noshirvan H.
245 ## - TITLE STATEMENT
Title The Indian evidence act (act 1 of 1872) :
Remainder of title as amended by the information technology act 2000 & the criminal law (amendent) act, 2005 /
Statement of responsibility, etc by Noshirvan H. Jhabvala
250 ## - EDITION STATEMENT
Edition statement 25th rev. ed.
260 ## - PUBLICATION, DISTRIBUTION, ETC. (IMPRINT)
Place of publication, distribution, etc Mumbai
Name of publisher, distributor, etc Eductional & Law Publishers
Date of publication, distribution, etc 2008
270 ## - ADDRESS
Address 146-C, Shamaldas Gandhi Marg
City Mumbai
Postal code 400002
300 ## - PHYSICAL DESCRIPTION
Extent 232p.
Dimensions 24cm (pbk)
650 ## - SUBJECT ADDED ENTRY--TOPICAL TERM
Topical term or geographic name as entry element Evidence Law
650 ## - SUBJECT ADDED ENTRY--TOPICAL TERM
Topical term or geographic name as entry element Criminal Procedure
942 ## - ADDED ENTRY ELEMENTS (KOHA)
Source of classification or shelving scheme Dewey Decimal Classification
Item type English Books
Classification part 347.4206
Call number suffix JHA
Holdings
Withdrawn status Lost status Not for loan Collection code Home library Current library Date acquired Source of acquisition Cost, normal purchase price Full call number Barcode Copy number Cost, replacement price Koha item type
    Not For Loan Non-fiction D.B.Act.Division D.B.Act.Division 14/08/2010 DBAD/PUB 170.00 347.4206 JHA EN-83788 1 170.00 English Books
      Non-fiction Kadipur Kadipur 14/06/2023 DBAD/PUB 185.00 347.4206 JHA EN-120664 1 185.00 English Books

© Delhi Public Library
Hit Counter
free hit counter